発車時刻から次の停車駅を推測せよ!中級編 - Statistics

General Stats
  • This quiz has been taken 146 times
  • The average score is 5 of 15
Answer Stats
前駅名 前駅発車時刻 当該駅名 当該駅発車時刻 % Correct
高崎 16:46 熊谷 17:16
69%
名取 11:43 仙台 11:53
65%
横浜 11:24 熱海 12:19
60%
中津川 20:26 恵那 20:35
46%
淡路 13:41 14:07
39%
丸瀬布 14:22 遠軽 14:49
39%
布施 8:56 大和八木 9:18
31%
本宿 8:35 美合 8:41
29%
福知山 19:12 大江 19:25
28%
備後落合 6:41 道後山 6:56
19%
大手町 20:17 古町 20:19
12%
琴似 15:51 二十四軒 15:53
10%
町田 6:44 表参道 7:24
10%
大分 8:20 向之原 8:35
9%
あつみ温泉 16:20 桑川 17:21
9%
No matching quizzes found
Score Distribution
Percent of People with Each Score
Percentile by Number Answered
Your Score History
You have not taken this quiz